| 000 | 00835nam a2200253Ia 4500 | ||
|---|---|---|---|
| 005 | 20250425162210.0 | ||
| 008 | 250425s9999 xx 000 0 und d | ||
| 020 | _a8480081244 | ||
| 041 | _aspa | ||
| 043 | _asp | ||
| 082 | _a336.2 | ||
| 100 | _aCENTRO INTERAMERICANO, DE ADMINISTRACIONES TRIBUTARIAS | ||
| 245 | 0 | _aOPORTUNIDADES PARA MEJORAR EL CUMPLIMIENTO TRIBUTARIO DE LA INTERACCION Y LA COOPERACION | |
| 250 | _a1A ED. | ||
| 260 |
_aEspaƱa _bCENTRO INTERAMERICANO DE ADMINISTRACIONES TRIBUTARIAS _c2003 |
||
| 260 | _aMADRID | ||
| 300 | _a309 | ||
| 500 | _a36a ASAMBLEA GENERAL DEL CIAT CELEBRADA EN QUEBEC, CANADA DEL 20 AL 23 DE MAYO/2002 | ||
| 650 | _aADMINISTRACION TRIBUTARIA | ||
| 650 | _aTRIBUTACION | ||
| 710 | _aCENTRO INTERAMERICANO DE ADMINISTRACIONES TRIBUTARIAS | ||
| 942 | _c01 | ||
| 010 | _a55605 | ||
| 999 |
_c224359 _d224359 |
||